000
00230 a2200097 4500
001
36392
100
_a
Nilsson, James W
245
_a
Electric circuits, 2nd ed
260
_a
New York
_b
Eddison Wesley
_c
1996
090
_c
23589
_d
23589
942
_a
NUST-CAE
_c
M
_c
15101
999
_c
271465
_d
271465